MARC

LEADER 00000nam0a2200000 4500
001 106746
005 20231101214705.0
020 |a RU 
035 |a (RuTPU)RU\TPU\book\115269 
090 |a 106746 
100 |a 20061212d1984 k a0rusy5003 ca 
101 0 |a rus 
102 |a UZ 
105 |a a z 001zy 
200 1 |a Химия сурьмы и свинца  |f С. Ишанходжаев  |g Институт химии АН УзССР 
210 |a Ташкент  |c Фан  |d 1984 
215 |a 151 с.  |c ил.  |d 21 см 
320 |a Библиография в конце книги. 
606 1 |a Свинец  |x Химия  |2 stltpush  |3 (RuTPU)RU\TPU\subj\75290  |9 87136 
606 1 |a Сурьма  |x Химия  |x Химический анализ  |2 stltpush  |3 (RuTPU)RU\TPU\subj\58324 
610 1 |a физико-химические исследования 
610 1 |a электрохимия 
610 1 |a гидрометаллургическая переработка 
610 1 |a растворимость окислов 
610 1 |a электролитическое выделение 
675 |a 546.81  |z rus 
675 |a 546.86  |z rus 
700 1 |a Ишанходжаев  |b С.  |g Саид  |4 070 
712 0 2 |a Академия наук Узбекской ССР (АН УзССР)  |b Институт химии  |2 stltpush  |3 (RuTPU)RU\TPU\col\8034 
801 0 |a RU  |b RuMRKP  |c 19950704  |g psbo 
801 1 |a RU  |b 63413507  |c 20061212  |g PSBO 
801 2 |a RU  |b 63413507  |c 20160401  |g PSBO 
942 |c BK